Patchwork & quilting : (Record no. 9872)
[ view plain ]
| 000 -LEADER | |
|---|---|
| fixed length control field | 00731nam a22002297a 4500 |
| 003 - CONTROL NUMBER IDENTIFIER | |
| control field | OSt |
| 005 - DATE AND TIME OF LATEST TRANSACTION | |
| control field | 20140310182143.0 |
| 008 - FIXED-LENGTH DATA ELEMENTS--GENERAL INFORMATION | |
| fixed length control field | 130829t xxu||||| |||| 00| 0 eng d |
| 020 ## - INTERNATIONAL STANDARD BOOK NUMBER | |
| International Standard Book Number | 1855015986 |
| 022 ## - INTERNATIONAL STANDARD SERIAL NUMBER | |
| Source | 9781855015982 |
| 050 ## - LIBRARY OF CONGRESS CALL NUMBER | |
| Classification number | TT835 |
| Item number | .C912 1995 |
| 082 ## - DEWEY DECIMAL CLASSIFICATION NUMBER | |
| Classification number | HS 746.046 |
| Item number | C86 1995 |
| 240 ## - UNIFORM TITLE | |
| Uniform title | <a href="Creative crafts for creative hands ">Creative crafts for creative hands </a> |
| 245 ## - TITLE STATEMENT | |
| Title | Patchwork & quilting : |
| Remainder of title | how to make beautiful gifts and objects for the home, from basic techniques to finishing touches. |
| 260 ## - PUBLICATION, DISTRIBUTION, ETC. (IMPRINT) | |
| Place of publication, distribution, etc | London : |
| Name of publisher, distributor, etc | Tiger Books International, |
| Date of publication, distribution, etc | c1995. |
| 300 ## - PHYSICAL DESCRIPTION | |
| Extent | 60 p. ; |
| Dimensions | 30 cm. |
| 440 ## - SERIES STATEMENT/ADDED ENTRY--TITLE | |
| Title | Creative crafts for creative hands |
| 9 (RLIN) | 15382 |
| 650 ## - SUBJECT ADDED ENTRY--TOPICAL TERM | |
| Topical term or geographic name as entry element | Quilting |
| 9 (RLIN) | 15362 |
| 650 ## - SUBJECT ADDED ENTRY--TOPICAL TERM | |
| Topical term or geographic name as entry element | Needlework |
| 9 (RLIN) | 15363 |
| 942 ## - ADDED ENTRY ELEMENTS (KOHA) | |
| Source of classification or shelving scheme | Library of Congress Classification |
| Withdrawn status | Lost status | Source of classification or shelving scheme | Damaged status | Home library | Current library | Shelving location | Date acquired | Total Checkouts | Full call number | Barcode | Date last seen | Copy number | Price effective from | Koha item type |
|---|---|---|---|---|---|---|---|---|---|---|---|---|---|---|
| Library of Congress Classification | Luxembourg Library | Luxembourg Library | High School Section | 08/29/2013 | TT 835 .C912p 1995 | 4897 | 07/31/2015 | 1 | 10/03/2013 | Books |